| 000 | 00872nam a2200277 a 4500 | ||
|---|---|---|---|
| 001 | 55020 | ||
| 003 | BD-RjUL | ||
| 005 | 20211209080214.0 | ||
| 008 | 161113s1965 enk 000 0 eng d | ||
| 035 | _a(BD-RjUL)55142 | ||
| 040 |
_aMBB _cMBB _dBD-RjUL _beng |
||
| 041 | _aeng | ||
| 082 |
_223 _a822.3 _bMAJ 1965 |
||
| 100 | 1 |
_aMarlowe, Christopher, _d1564-1593. _9162624 |
|
| 245 | 1 | 4 |
_aThe Jew of Malta / _cChristopher Marlowe ; edited by Richard W. Van Fossen |
| 260 |
_aLondon : _bE. Arnold, _c1965 |
||
| 300 |
_axxx, 122 p. ; _c21 cm |
||
| 490 | _aRegents renaissance drama series. | ||
| 650 |
_aJews _9164035 |
||
| 650 |
_aMalta _9164036 |
||
| 650 |
_aEnglish drama _9164037 |
||
| 650 |
_aJews in literature _9164038 |
||
| 700 | 1 |
_aVan Fossen, R. W. _q(Richard Waight), _d1927-2009 _9164039 |
|
| 830 |
_aRegents renaissance drama series _9189583 |
||
| 942 |
_2ddc _cBK |
||
| 999 |
_c55020 _d55020 |
||